<?xml version="1.0" encoding="UTF-8"?><?xml-stylesheet type="text/xsl" href="static/style.xsl"?><OAI-PMH xmlns="http://www.openarchives.org/OAI/2.0/" xmlns:xsi="http://www.w3.org/2001/XMLSchema-instance" xsi:schemaLocation="http://www.openarchives.org/OAI/2.0/ http://www.openarchives.org/OAI/2.0/OAI-PMH.xsd"><responseDate>2026-05-15T23:23:25Z</responseDate><request verb="GetRecord" identifier="oai:riubu.ubu.es:10259/11463" metadataPrefix="marc">https://riubu.ubu.es/oai/request</request><GetRecord><record><header><identifier>oai:riubu.ubu.es:10259/11463</identifier><datestamp>2026-03-03T01:05:45Z</datestamp><setSpec>com_10259.4_2520</setSpec><setSpec>com_10259_5086</setSpec><setSpec>com_10259_2604</setSpec><setSpec>col_10259.4_2521</setSpec></header><metadata><record xmlns="http://www.loc.gov/MARC21/slim" xmlns:doc="http://www.lyncode.com/xoai" xmlns:xsi="http://www.w3.org/2001/XMLSchema-instance" xmlns:dcterms="http://purl.org/dc/terms/" xsi:schemaLocation="http://www.loc.gov/MARC21/slim http://www.loc.gov/standards/marcxml/schema/MARC21slim.xsd">
<leader>00925njm 22002777a 4500</leader>
<datafield tag="042" ind1=" " ind2=" ">
<subfield code="a">dc</subfield>
</datafield>
<datafield tag="720" ind1=" " ind2=" ">
<subfield code="a">Algarra, Manuel</subfield>
<subfield code="e">author</subfield>
</datafield>
<datafield tag="720" ind1=" " ind2=" ">
<subfield code="a">Carrillo Pérez, Celia</subfield>
<subfield code="e">author</subfield>
</datafield>
<datafield tag="720" ind1=" " ind2=" ">
<subfield code="a">Nešić, Maja D.</subfield>
<subfield code="e">author</subfield>
</datafield>
<datafield tag="720" ind1=" " ind2=" ">
<subfield code="a">Tričković, Jelena Filipović</subfield>
<subfield code="e">author</subfield>
</datafield>
<datafield tag="720" ind1=" " ind2=" ">
<subfield code="a">Žakula, Jelena</subfield>
<subfield code="e">author</subfield>
</datafield>
<datafield tag="720" ind1=" " ind2=" ">
<subfield code="a">Korićanac, Lela</subfield>
<subfield code="e">author</subfield>
</datafield>
<datafield tag="720" ind1=" " ind2=" ">
<subfield code="a">Jiménez-Jiménez, José</subfield>
<subfield code="e">author</subfield>
</datafield>
<datafield tag="720" ind1=" " ind2=" ">
<subfield code="a">Rodriguez-Castellón, Enrique</subfield>
<subfield code="e">author</subfield>
</datafield>
<datafield tag="720" ind1=" " ind2=" ">
<subfield code="a">Bandosz, Teresa J.</subfield>
<subfield code="e">author</subfield>
</datafield>
<datafield tag="720" ind1=" " ind2=" ">
<subfield code="a">Petković, Marijana</subfield>
<subfield code="e">author</subfield>
</datafield>
<datafield tag="720" ind1=" " ind2=" ">
<subfield code="a">Soto, Juan</subfield>
<subfield code="e">author</subfield>
</datafield>
<datafield tag="260" ind1=" " ind2=" ">
<subfield code="c">2024-03</subfield>
</datafield>
<datafield tag="520" ind1=" " ind2=" ">
<subfield code="a">This paper explains the basis for the excitation energy-independent fluorescence emission of biomass-derived carbon dots (CDs) and shows that these CDs have excellent anti-melanoma and anti-metastatic potential. Additionally, we demonstrate that the black carrots´-derived CDs can be exploited as cell cycle-sensing agents, because of the interaction with chromatin material. Besides their optical properties, fluorescent CDs have gained increased attention for image-guided cancer treatment due to their water solubility, environmental friendliness, affordability, ease of synthesis, and primary biocompatibility. CDs have excellent photostability, determined by their precursors and synthesis pathways. In this study, CDs with chemically homogenous surface functional groups were made using a hydrothermal technique from black carrot extract, an anthocyanin-rich substance derived from biomass. The anti-cancer and anti-metastatic properties of black carrot-derived CDs can be attributed to flavylium cations on the surface, spherical forms, and high water dispersibility. Most importantly, these CDs demonstrate a stable emission at a single wavelength, 612 nm, independent of the excitation energy, which we have explained theoretically for the first time.</subfield>
</datafield>
<datafield tag="024" ind2=" " ind1="8">
<subfield code="a">0022-2860</subfield>
</datafield>
<datafield tag="024" ind2=" " ind1="8">
<subfield code="a">https://hdl.handle.net/10259/11463</subfield>
</datafield>
<datafield tag="024" ind2=" " ind1="8">
<subfield code="a">10.1016/j.molstruc.2023.137245</subfield>
</datafield>
<datafield ind1=" " ind2=" " tag="653">
<subfield code="a">Carbon Dots</subfield>
</datafield>
<datafield ind1=" " ind2=" " tag="653">
<subfield code="a">Anthocyanins</subfield>
</datafield>
<datafield ind1=" " ind2=" " tag="653">
<subfield code="a">Black carrot</subfield>
</datafield>
<datafield ind1=" " ind2=" " tag="653">
<subfield code="a">Fluorescence</subfield>
</datafield>
<datafield ind1=" " ind2=" " tag="653">
<subfield code="a">Cell imaging</subfield>
</datafield>
<datafield ind1=" " ind2=" " tag="653">
<subfield code="a">Melanoma therapy</subfield>
</datafield>
<datafield tag="245" ind1="0" ind2="0">
<subfield code="a">Testing of black-carrots-derived fluorescence imaging and anti-metastatic potential</subfield>
</datafield>
</record></metadata></record></GetRecord></OAI-PMH>